000 00352nam a22001337a 4500
003 SGT
020 _a9788195172122
082 _a891.4309
_bN21K
100 _aकुमार, शैलेन्द्र
245 _aनामघर
260 _b सभ्यता अध्ययन केंद्र
_c2021
300 _a182
942 _2ddc
_cBK
999 _c30854
_d30854